[Event "32. Torneo Internacional La Roda "]
[Site "La Roda ESP"]
[Date "2005.03.23"]
[Round "1"]
[White "Baron Rodriguez, Jesus"]
[Black "Moya Albadalejo, Jose Antonio"]
[Result "1-0"]
[WhiteElo "2422"]
[BlackElo "1979"]
[PlyCount "61"]
[EventDate "2005.03.23"]
[EventType "swiss"]
[EventRounds "9"]
[EventCountry "ESP"]
[Source "lmi"]
[SourceDate "2005.03.27"]

1. e4 Nf6 2. e5 Nd5 3. d4 d6 4. Nf3 Nc6 5. c4 Nb6 6. e6 fxe6 7. Nc3 e5 8. d5
Nd4 9. Nxd4 exd4 10. Qxd4 e5 11. dxe6 Qf6 12. Qxf6 gxf6 13. Nd5 Nxd5 14. cxd5
c6 15. Bc4 b5 16. Bb3 Bb7 17. dxc6 Bxc6 18. O-O O-O-O 19. Bf4 d5 20. Rfe1 Bb4
21. Re3 Rhe8 22. Rc1 Kb7 23. Rh3 Re7 24. Rh6 Rxe6 25. Rxh7+ Ka8 26. h4 Bd6 27.
Rxc6 Re1+ 28. Kh2 Bxf4+ 29. g3 Be5 30. Rc8+ Rxc8 31. Bxd5+ 1-0

[Event "32. Torneo Internacional La Roda "]
[Site "La Roda ESP"]
[Date "2005.03.23"]
[Round "1"]
[White "Benitez Fernandez, Martin"]
[Black "Mirzoev, Azer"]
[Result "0-1"]
[WhiteElo "2018"]
[BlackElo "2529"]
[PlyCount "78"]
[EventDate "2005.03.23"]
[EventType "swiss"]
[EventRounds "9"]
[EventCountry "ESP"]
[Source "lmi"]
[SourceDate "2005.03.27"]

1. e4 c5 2. Nf3 e6 3. d4 cxd4 4. Nxd4 a6 5. Bd3 g6 6. O-O Bg7 7. Be3 Ne7 8. Nd2
O-O 9. f4 Nbc6 10. c3 e5 11. fxe5 Nxe5 12. Bc2 d5 13. Bb3 Ng4 14. Qf3 Nxe3 15.
Qxe3 dxe4 16. Nxe4 Nf5 17. Nxf5 Bxf5 18. Ng3 Bg4 19. Rxf7 Rxf7 20. Rf1 Bf6 21.
Ne4 Bf5 22. Nxf6+ Qxf6 23. g4 Raf8 24. gxf5 gxf5 25. Qf3 Kh8 26. Bxf7 Rxf7 27.
Rd1 h6 28. Qd5 Kh7 29. Qd6 Qg5+ 30. Kf1 Rg7 31. Rd2 Qe3 32. Rf2 Qc1+ 33. Ke2
Qxb2+ 34. Qd2 Qb1 35. Qd5 Qc2+ 36. Kf1 Qc1+ 37. Ke2 Re7+ 38. Kf3 Qxc3+ 39. Kf4
Qe3+ 0-1

[Event "32. Torneo Internacional La Roda "]
[Site "La Roda ESP"]
[Date "2005.03.23"]
[Round "1"]
[White "Del Rio Angelis, Salvador Gabriel"]
[Black "Garcia Gata, Jorge D"]
[Result "1-0"]
[WhiteElo "2502"]
[BlackElo "2010"]
[PlyCount "57"]
[EventDate "2005.03.23"]
[EventType "swiss"]
[EventRounds "9"]
[EventCountry "ESP"]
[Source "lmi"]
[SourceDate "2005.03.27"]

1. d4 Nf6 2. c4 c5 3. e3 cxd4 4. exd4 d5 5. Nc3 Nc6 6. Bg5 e6 7. Nf3 Be7 8. c5
O-O 9. Bb5 Bd7 10. O-O b6 11. Bxc6 Bxc6 12. Ne5 Qc7 13. b4 bxc5 14. bxc5 Rfc8
15. Re1 Qa5 16. Qd2 Kf8 17. Rab1 Be8 18. Rb7 Rc7 19. Rb3 Ng8 20. Bf4 f6 21. Nd3
Rcc8 22. Rxe6 Bf7 23. Re1 g5 24. Bg3 Be8 25. Nb4 Bf7 26. Rxe7 Nxe7 27. Bd6 Rab8
28. Bxe7+ Kxe7 29. Nc6+ 1-0

[Event "32. Torneo Internacional La Roda "]
[Site "La Roda ESP"]
[Date "2005.03.23"]
[Round "1"]
[White "Del Valle Millan, David"]
[Black "Komljenovic, Davor"]
[Result "0-1"]
[WhiteElo "2008"]
[BlackElo "2492"]
[PlyCount "60"]
[EventDate "2005.03.23"]
[EventType "swiss"]
[EventRounds "9"]
[EventCountry "ESP"]
[Source "lmi"]
[SourceDate "2005.03.27"]

1. e4 g6 2. d4 Bg7 3. Nf3 d6 4. Be3 Nf6 5. Nc3 O-O 6. Bc4 c6 7. Bb3 b5 8. a3
Bb7 9. O-O a5 10. Nd2 Nbd7 11. Ne2 e5 12. h3 exd4 13. Nxd4 Re8 14. Qf3 Nc5 15.
Bg5 h6 16. Bh4 Nxb3 17. N4xb3 c5 18. Rfe1 a4 19. Nc1 g5 20. Bg3 Qd7 21. Nd3 c4
22. Nb4 Nxe4 23. Nxe4 f5 24. c3 Bxe4 25. Qh5 Rad8 26. f3 Bb7 27. Qg6 Rxe1+ 28.
Rxe1 Qf7 29. Re6 Qxg6 30. Rxg6 f4 0-1

[Event "32. Torneo Internacional La Roda "]
[Site "La Roda ESP"]
[Date "2005.03.23"]
[Round "1"]
[White "Gallardo de la Torre, Yasmina"]
[Black "Svetushkin, Dmitry"]
[Result "0-1"]
[WhiteElo "2029"]
[BlackElo "2530"]
[PlyCount "72"]
[EventDate "2005.03.23"]
[EventType "swiss"]
[EventRounds "9"]
[EventCountry "ESP"]
[Source "lmi"]
[SourceDate "2005.03.27"]

1. e4 g6 2. d4 Bg7 3. Be3 c6 4. Qd2 d5 5. e5 h5 6. c3 Nh6 7. f3 b6 8. Bd3 Bf5
9. Ne2 Nd7 10. Ng3 Bxd3 11. Qxd3 h4 12. Ne2 Nf5 13. Bf2 e6 14. Na3 c5 15. Nc2
c4 16. Qd1 b5 17. Ne3 a5 18. Nxf5 gxf5 19. Be3 Bf8 20. Qd2 Be7 21. O-O Nb6 22.
Bh6 Kd7 23. Be3 b4 24. cxb4 axb4 25. Rfe1 Rg8 26. b3 Ra3 27. Qc2 Qa8 28. Qb2
Qa6 29. Reb1 h3 30. g3 Ra8 31. Nc1 cxb3 32. Nxb3 Nc4 33. Qc1 Rxa2 34. Bg5 Qa3
35. Qxa3 R8xa3 36. Bxe7 Rxb3 0-1

[Event "32. Torneo Internacional La Roda "]
[Site "La Roda ESP"]
[Date "2005.03.23"]
[Round "1"]
[White "Ibarra Jerez, Jose Carlos"]
[Black "Sanchez Jerez, Emilio"]
[Result "1-0"]
[WhiteElo "2434"]
[BlackElo "1984"]
[PlyCount "63"]
[EventDate "2005.03.23"]
[EventType "swiss"]
[EventRounds "9"]
[EventCountry "ESP"]
[Source "lmi"]
[SourceDate "2005.03.27"]

1. e4 e6 2. d4 d5 3. Nc3 dxe4 4. Nxe4 Nd7 5. Bd3 Ngf6 6. Qe2 Nxe4 7. Bxe4 Be7
8. Nf3 Nf6 9. Bxb7 Bxb7 10. Qb5+ Qd7 11. Qxb7 O-O 12. Qa6 c5 13. dxc5 Bxc5 14.
O-O Ng4 15. Qc4 Bxf2+ 16. Rxf2 Nxf2 17. Kxf2 e5 18. Be3 Qf5 19. g4 Qd7 20. Nxe5
Qb7 21. b4 Rfe8 22. Nf3 Re4 23. Qd3 Rae8 24. Bc5 Rxg4 25. Re1 Qc8 26. Qf5 Rc4
27. Re7 Kh8 28. Rxe8+ Qxe8 29. Ne5 Rh4 30. Kg3 f6 31. Kxh4 fxe5 32. Qf8+ 1-0

[Event "32. Torneo Internacional La Roda "]
[Site "La Roda ESP"]
[Date "2005.03.23"]
[Round "1"]
[White "Kolev, Atanas"]
[Black "Sanchez Gonzalez, Sergio"]
[Result "1-0"]
[WhiteElo "2524"]
[BlackElo "2018"]
[PlyCount "103"]
[EventDate "2005.03.23"]
[EventType "swiss"]
[EventRounds "9"]
[EventCountry "ESP"]
[Source "lmi"]
[SourceDate "2005.03.27"]

1. e4 c5 2. Nf3 Nc6 3. d4 cxd4 4. Nxd4 Nf6 5. Nc3 e5 6. Ndb5 d6 7. Bg5 a6 8.
Na3 b5 9. Nd5 Be7 10. Bxf6 Bxf6 11. c3 O-O 12. Nc2 Bg5 13. a4 bxa4 14. Rxa4 a5
15. Bc4 Rb8 16. Ra2 Kh8 17. Nce3 Ne7 18. O-O f5 19. Nxe7 Bxe7 20. Nxf5 Bxf5 21.
exf5 Rxf5 22. Qd5 g6 23. Bd3 Rf8 24. g3 Qb6 25. Bc4 Rf5 26. b3 Rbf8 27. Kg2 Rf3
28. Rc2 Qa7 29. Bb5 Qc7 30. Bc4 Qa7 31. h4 Qc7 32. Bd3 R8f7 33. Be4 R3f6 34.
Rh1 Qc5 35. Qxc5 dxc5 36. Ra1 Bd8 37. Rd2 Bb6 38. f3 Re7 39. Rd5 Kg7 40. Rad1
h6 41. Rd6 g5 42. hxg5 hxg5 43. Kh3 Bc7 44. R6d5 Bb6 45. Kg4 Kf8 46. Kxg5 Rfe6
47. Rd7 Ke8 48. Rxe7+ Kxe7 49. Rh1 Kd6 50. Kf5 Bd8 51. Rd1+ Ke7 52. Rxd8 1-0

[Event "32. Torneo Internacional La Roda "]
[Site "La Roda ESP"]
[Date "2005.03.23"]
[Round "1"]
[White "Korneev, Oleg"]
[Black "Garcia Mendoza, Francisco"]
[Result "1-0"]
[WhiteElo "2602"]
[BlackElo "2041"]
[PlyCount "85"]
[EventDate "2005.03.23"]
[EventType "swiss"]
[EventRounds "9"]
[EventCountry "ESP"]
[Source "lmi"]
[SourceDate "2005.03.27"]

1. e4 c5 2. Nf3 Nc6 3. d4 cxd4 4. Nxd4 Nf6 5. Nc3 e5 6. Ndb5 d6 7. Bg5 a6 8.
Na3 b5 9. Nd5 Be7 10. Bxf6 Bxf6 11. c3 Ne7 12. Nxf6+ gxf6 13. g3 Bb7 14. Bg2 f5
15. Qe2 Qc7 16. Nc2 O-O 17. O-O Kh8 18. exf5 Bxg2 19. Kxg2 Qb7+ 20. Qf3 Qxf3+
21. Kxf3 f6 22. Ne3 d5 23. Rfd1 Rfd8 24. Rd2 Rd6 25. Rad1 Rad8 26. g4 a5 27.
Kg3 h5 28. h3 b4 29. f4 h4+ 30. Kxh4 exf4 31. Ng2 bxc3 32. bxc3 f3 33. Nf4 Rc8
34. Re1 Rc4 35. Rxe7 Rxf4 36. Rb2 Rd8 37. Rf2 Re4 38. Rf7 Re3 39. Rc7 Re2 40.
Rxf3 Rxa2 41. Re3 Ra4 42. Ree7 d4 43. Kh5 1-0

[Event "32. Torneo Internacional La Roda "]
[Site "La Roda ESP"]
[Date "2005.03.23"]
[Round "1"]
[White "Molina Ballester, Sergio"]
[Black "Janev, Evgeni"]
[Result "0-1"]
[WhiteElo "2000"]
[BlackElo "2441"]
[PlyCount "34"]
[EventDate "2005.03.23"]
[EventType "swiss"]
[EventRounds "9"]
[EventCountry "ESP"]
[Source "lmi"]
[SourceDate "2005.03.27"]

1. e4 Nf6 2. e5 Nd5 3. d4 d6 4. c4 Nb6 5. f4 dxe5 6. fxe5 Bf5 7. Nc3 e6 8. Nf3
Bb4 9. Bd3 c5 10. Be3 Nc6 11. Be2 cxd4 12. Bxd4 Nxd4 13. Nxd4 Qh4+ 14. g3 Qe4
15. O-O Qe3+ 16. Rf2 Bc5 17. Ncb5 O-O-O 0-1

[Event "32. Torneo Internacional La Roda "]
[Site "La Roda ESP"]
[Date "2005.03.23"]
[Round "1"]
[White "Movsziszian, Karen"]
[Black "Llacuna Roca, Josep"]
[Result "1-0"]
[WhiteElo "2455"]
[BlackElo "2004"]
[PlyCount "47"]
[EventDate "2005.03.23"]
[EventType "swiss"]
[EventRounds "9"]
[EventCountry "ESP"]
[Source "lmi"]
[SourceDate "2005.03.27"]

1. e4 e5 2. Nf3 d5 3. Nxe5 Qe7 4. d4 f6 5. Nd3 dxe4 6. Nf4 f5 7. Nc3 Nf6 8. Bc4
c6 9. O-O b5 10. Bb3 a5 11. a3 Na6 12. Re1 Nc7 13. f3 Qd6 14. fxe4 fxe4 15.
Nxe4 Nxe4 16. Rxe4+ Be7 17. Qh5+ g6 18. Nxg6 Qxg6 19. Qe5 Be6 20. Bxe6 Nxe6 21.
Qxe6 Qxe6 22. Rxe6 Kd7 23. Re1 Bd6 24. Bd2 1-0

[Event "32. Torneo Internacional La Roda "]
[Site "La Roda ESP"]
[Date "2005.03.23"]
[Round "1"]
[White "Saldano, Horacio"]
[Black "Benitez Fernandez, Pedro Vicente"]
[Result "1-0"]
[WhiteElo "2482"]
[BlackElo "2007"]
[PlyCount "63"]
[EventDate "2005.03.23"]
[EventType "swiss"]
[EventRounds "9"]
[EventCountry "ESP"]
[Source "lmi"]
[SourceDate "2005.03.27"]

1. e4 e5 2. Nf3 Nc6 3. Bb5 a6 4. Ba4 Nf6 5. O-O b5 6. Bb3 Be7 7. Re1 d6 8. c3
O-O 9. d4 Bg4 10. Be3 h6 11. h3 Bxf3 12. Qxf3 Rb8 13. Nd2 Kh7 14. Nf1 Na5 15.
Ng3 g6 16. dxe5 dxe5 17. Rad1 Qe8 18. Bc2 Nc4 19. Bc1 Qc6 20. b3 Nb6 21. h4 Ng8
22. h5 Qf6 23. Qe2 Qh4 24. Rd3 Rbd8 25. Rf3 Nf6 26. hxg6+ fxg6 27. Nf5 gxf5 28.
Rh3 Qxh3 29. gxh3 Rg8+ 30. Kh1 Rg7 31. exf5 Rdg8 32. Qe3 1-0

[Event "32. Torneo Internacional La Roda "]
[Site "La Roda ESP"]
[Date "2005.03.23"]
[Round "1"]
[White "Serrano Martinez, Francisco J"]
[Black "Javakhishvili, Lela"]
[Result "0-1"]
[WhiteElo "2004"]
[BlackElo "2456"]
[PlyCount "84"]
[EventDate "2005.03.23"]
[EventType "swiss"]
[EventRounds "9"]
[EventCountry "ESP"]
[Source "lmi"]
[SourceDate "2005.03.27"]

1. e4 c5 2. d4 cxd4 3. c3 d3 4. Bxd3 Nc6 5. Nf3 g6 6. O-O Bg7 7. Qe2 d6 8. h3
Nf6 9. c4 Nd7 10. Nc3 O-O 11. Be3 Bxc3 12. bxc3 b6 13. Nd4 Nce5 14. f4 Nxd3 15.
Qxd3 Bb7 16. Nf3 Qc7 17. Nd2 Rac8 18. Bd4 Ba6 19. Qg3 e5 20. fxe5 dxe5 21. Be3
f6 22. Qg4 Rf7 23. Rfd1 Nf8 24. c5 bxc5 25. Nb3 Nd7 26. Rab1 c4 27. Qe6 Bb5 28.
Nc1 Nf8 29. Qd5 Ba4 30. Rd2 Kh8 31. Qd6 Qxd6 32. Rxd6 Bc2 33. Rb4 Bxe4 34. Ne2
Bd3 35. Ng3 f5 36. Bg5 Kg7 37. Kf2 f4 38. Ne2 h6 39. Bd8 Nd7 40. Ba5 Nc5 41.
Rd5 Ne4+ 42. Ke1 Bxe2 0-1

[Event "32. Torneo Internacional La Roda "]
[Site "La Roda ESP"]
[Date "2005.03.23"]
[Round "1"]
[White "Strikovic, Aleksa"]
[Black "Chueca Forcen, Alberto"]
[Result "1-0"]
[WhiteElo "2458"]
[BlackElo "2005"]
[PlyCount "81"]
[EventDate "2005.03.23"]
[EventType "swiss"]
[EventRounds "9"]
[EventCountry "ESP"]
[Source "lmi"]
[SourceDate "2005.03.27"]

1. Nf3 Nf6 2. g3 g6 3. b3 Bg7 4. Bb2 b6 5. Bg2 Bb7 6. O-O O-O 7. c4 c5 8. Nc3
e6 9. d4 cxd4 10. Qxd4 Ne4 11. Qe3 d5 12. Rfd1 Nd7 13. cxd5 exd5 14. Nd4 Re8
15. Nxe4 dxe4 16. Rab1 a6 17. Bh3 Qe7 18. Nb5 Red8 19. Bxg7 Kxg7 20. Nd6 Nc5
21. b4 Na4 22. Nxb7 Qxb7 23. Bg2 Rac8 24. Bxe4 Qe7 25. Rxd8 Qxd8 26. Bb7 Rb8
27. Bxa6 b5 28. Rc1 f6 29. Qa7+ Kh6 30. Bxb5 Rxb5 31. Qxa4 Rh5 32. Qb3 Qe7 33.
Qe3+ Qxe3 34. fxe3 Rb5 35. Rb1 Kg5 36. a4 Rb8 37. b5 Kf5 38. a5 Ke6 39. a6 Kd7
40. a7 Ra8 41. b6 1-0

[Event "32. Torneo Internacional La Roda "]
[Site "La Roda ESP"]
[Date "2005.03.24"]
[Round "2"]
[White "Avila Jimenez, Javier"]
[Black "Korneev, Oleg"]
[Result "0-1"]
[WhiteElo "2228"]
[BlackElo "2602"]
[PlyCount "39"]
[EventDate "2005.03.23"]
[EventType "swiss"]
[EventRounds "9"]
[EventCountry "ESP"]
[Source "lmi"]
[SourceDate "2005.03.27"]

1. d4 d5 2. c4 e6 3. Nc3 c6 4. cxd5 exd5 5. Qc2 g6 6. e4 dxe4 7. Qxe4+ Be7 8.
Bg5 Bf5 9. Qe3 Nd7 10. O-O-O Kf8 11. h4 Ndf6 12. Bd3 Bxd3 13. Rxd3 b5 14. Nf3
h6 15. Bf4 b4 16. Ne4 Qd5 17. Nxf6 Bxf6 18. Kb1 Kg7 19. Rc1 Ne7 20. g4 0-1

[Event "32. Torneo Internacional La Roda "]
[Site "La Roda ESP"]
[Date "2005.03.24"]
[Round "2"]
[White "Aymerich Rosell, Pablo"]
[Black "Strikovic, Aleksa"]
[Result "0-1"]
[WhiteElo "2145"]
[BlackElo "2458"]
[PlyCount "88"]
[EventDate "2005.03.23"]
[EventType "swiss"]
[EventRounds "9"]
[EventCountry "ESP"]
[Source "lmi"]
[SourceDate "2005.03.27"]

1. d4 c5 2. d5 e5 3. Nc3 d6 4. e4 a6 5. a4 Be7 6. Be2 Bg5 7. Nf3 Bxc1 8. Qxc1
Nf6 9. Nd2 Nbd7 10. Nc4 Nb6 11. Ne3 Rb8 12. a5 Na8 13. Nc4 Qe7 14. O-O O-O 15.
f4 Nd7 16. Bg4 f6 17. Be6+ Kh8 18. f5 Nc7 19. Qe3 b5 20. axb6 Nxb6 21. Na5 Bd7
22. b3 Nb5 23. Bxd7 Qxd7 24. Nc6 Ra8 25. Nxb5 axb5 26. Qd3 c4 27. Qc3 Qb7 28.
Qb4 cxb3 29. cxb3 Nd7 30. Qxd6 Qb6+ 31. Kh1 Nc5 32. Rae1 Rf7 33. b4 Nd3 34. Re2
Nf2+ 35. Rexf2 Qxf2 36. Rg1 Qc2 37. Qe6 Rff8 38. Re1 Qxe4 39. Rg1 h6 40. h3 Ra3
41. Kh2 Rfa8 42. Ne7 Qf4+ 43. Kh1 Rxh3+ 44. gxh3 Qf3+ 0-1

[Event "32. Torneo Internacional La Roda "]
[Site "La Roda ESP"]
[Date "2005.03.24"]
[Round "2"]
[White "Belezky, Sasha"]
[Black "Larios Crespo, Manuel"]
[Result "1-0"]
[WhiteElo "2399"]
[BlackElo "2110"]
[PlyCount "57"]
[EventDate "2005.03.23"]
[EventType "swiss"]
[EventRounds "9"]
[EventCountry "ESP"]
[Source "lmi"]
[SourceDate "2005.03.27"]

1. Nf3 Nf6 2. g3 g6 3. b4 Bg7 4. Bb2 O-O 5. c4 d5 6. cxd5 Nxd5 7. Bxg7 Kxg7 8.
Qb3 Qd6 9. a3 a5 10. b5 Nd7 11. Nc3 c6 12. bxc6 bxc6 13. Bg2 Rb8 14. Qc2 Ba6
15. Ne4 Qc7 16. d3 Rfc8 17. O-O c5 18. Nc3 Nxc3 19. Qxc3+ Kg8 20. Nd2 Qe5 21.
Qxa5 Qxe2 22. Rfe1 Qxd3 23. Bf1 Qd4 24. Bxa6 Ra8 25. Qb5 Rcb8 26. Qd3 Rb2 27.
Rad1 Qxd3 28. Bxd3 Rxa3 29. Nc4 1-0

[Event "32. Torneo Internacional La Roda "]
[Site "La Roda ESP"]
[Date "2005.03.24"]
[Round "2"]
[White "De La Villa Garcia, Jesus Maria"]
[Black "Gomez Gonzalez, Javier"]
[Result "1-0"]
[WhiteElo "2470"]
[BlackElo "2137"]
[PlyCount "41"]
[EventDate "2005.03.23"]
[EventType "swiss"]
[EventRounds "9"]
[EventCountry "ESP"]
[Source "lmi"]
[SourceDate "2005.03.27"]

1. e4 c5 2. Nf3 d6 3. d4 cxd4 4. Nxd4 Nf6 5. Nc3 a6 6. Be3 Ng4 7. Bg5 h6 8. Bh4
g5 9. Bg3 Bg7 10. Be2 Ne5 11. Nf5 Bxf5 12. exf5 Nbc6 13. Nd5 Nd4 14. f6 Qa5+
15. c3 Qxd5 16. fxg7 Rg8 17. Qxd4 Qxg2 18. O-O-O Nc6 19. Qg4 h5 20. Qxh5 Qe4
21. Rhe1 1-0

[Event "32. Torneo Internacional La Roda "]
[Site "La Roda ESP"]
[Date "2005.03.24"]
[Round "2"]
[White "Encinas Encinas, Alvaro"]
[Black "Ibarra Jerez, Jose Carlos"]
[Result "0-1"]
[WhiteElo "2134"]
[BlackElo "2434"]
[PlyCount "68"]
[EventDate "2005.03.23"]
[EventType "swiss"]
[EventRounds "9"]
[EventCountry "ESP"]
[Source "lmi"]
[SourceDate "2005.03.27"]

1. e4 c5 2. Nf3 e6 3. d4 cxd4 4. Nxd4 a6 5. c4 Nf6 6. Nc3 Qc7 7. a3 b6 8. Be3
Bb7 9. f3 d6 10. Be2 Nbd7 11. Rc1 Be7 12. O-O O-O 13. Qd2 Rac8 14. b4 Rfe8 15.
Rc2 Qb8 16. Rb1 Bd8 17. Bf1 Bc7 18. Kh1 d5 19. exd5 exd5 20. c5 Bxh2 21. Nce2
Ne5 22. Nf5 g6 23. Nd6 Nxf3 24. gxf3 Bxd6 25. Rbc1 bxc5 26. bxc5 Be5 27. c6 Ba8
28. Nd4 Bxd4 29. Qxd4 Qg3 30. Qxf6 Rxe3 31. Bxa6 Rxf3 32. Qe7 Rxc6 33. Rg1 Qf4
34. Rxc6 Rh3+ 0-1

[Event "32. Torneo Internacional La Roda "]
[Site "La Roda ESP"]
[Date "2005.03.24"]
[Round "2"]
[White "Garcia Romero, Benjamin Abel"]
[Black "Baron Rodriguez, Jesus"]
[Result "0-1"]
[WhiteElo "2129"]
[BlackElo "2422"]
[PlyCount "108"]
[EventDate "2005.03.23"]
[EventType "swiss"]
[EventRounds "9"]
[EventCountry "ESP"]
[Source "lmi"]
[SourceDate "2005.03.27"]

1. e4 e6 2. d4 d5 3. Nc3 Bb4 4. Nge2 dxe4 5. a3 Bxc3+ 6. Nxc3 Nc6 7. d5 exd5 8.
Qxd5 Nf6 9. Qxd8+ Nxd8 10. Bg5 Bf5 11. Bxf6 gxf6 12. Nd5 Ne6 13. Nxf6+ Kf8 14.
O-O-O Kg7 15. Nh5+ Kg6 16. Be2 Ng7 17. Nf4+ Kg5 18. h4+ Kxf4 19. Rd5 e3 20. g3+
Ke4 21. Rhd1 exf2 22. R1d3 Bg4 23. Bf1 Bf3 24. Kd2 Nf5 25. c4 Bh1 26. Bh3 Nxg3
27. Rxg3 Rad8 28. Rxd8 Rxd8+ 29. Ke2 f5 30. Rb3 Kf4 31. c5 Rd5 32. Rc3 Rd4 33.
b4 Bd5 34. Kxf2 Rd2+ 35. Ke1 Rb2 36. h5 Rb3 37. Rxb3 Bxb3 38. Bg2 b6 39. Kf2
bxc5 40. bxc5 h6 41. Bc6 Bf7 42. Bf3 Kg5 43. Ke3 Bxh5 44. Bh1 Bg6 45. Kd4 Kf6
46. Kd5 Be8 47. Bf3 h5 48. a4 a5 49. c6 h4 50. Bg2 Bf7+ 51. Kc5 Ke5 52. Kb5 Bd5
53. Bh3 f4 54. Bd7 f3 0-1

[Event "32. Torneo Internacional La Roda "]
[Site "La Roda ESP"]
[Date "2005.03.24"]
[Round "2"]
[White "Janev, Evgeni"]
[Black "Gimeno Higueras, Roberto"]
[Result "1-0"]
[WhiteElo "2441"]
[BlackElo "2119"]
[PlyCount "43"]
[EventDate "2005.03.23"]
[EventType "swiss"]
[EventRounds "9"]
[EventCountry "ESP"]
[Source "lmi"]
[SourceDate "2005.03.27"]

1. e4 c6 2. c4 d5 3. exd5 cxd5 4. cxd5 Nf6 5. Nc3 Nxd5 6. Nf3 Nc6 7. d4 Bg4 8.
Qb3 Bxf3 9. gxf3 e6 10. Qxb7 Nxd4 11. Bb5+ Nxb5 12. Qxb5+ Qd7 13. Qxd7+ Kxd7
14. Nxd5 exd5 15. Be3 Bd6 16. O-O-O Kc6 17. Kb1 f6 18. Rd3 Rhc8 19. Rhd1 Bxh2
20. Rxd5 Bc7 21. Rc5+ Kb6 22. Rd7 1-0

[Event "32. Torneo Internacional La Roda "]
[Site "La Roda ESP"]
[Date "2005.03.24"]
[Round "2"]
[White "Lorenzo Duran, Marcos"]
[Black "Spasov, Vasil"]
[Result "0-1"]
[WhiteElo "2224"]
[BlackElo "2543"]
[PlyCount "68"]
[EventDate "2005.03.23"]
[EventType "swiss"]
[EventRounds "9"]
[EventCountry "ESP"]
[Source "lmi"]
[SourceDate "2005.03.27"]

1. e4 c5 2. c3 d5 3. exd5 Qxd5 4. d4 Nf6 5. Nf3 Bg4 6. Qa4+ Nc6 7. Bc4 Qd7 8.
dxc5 Bxf3 9. gxf3 g6 10. Be3 Bg7 11. Nd2 O-O 12. O-O-O Qc7 13. h4 Ne5 14. Be2
Nd5 15. Bd4 Nf4 16. Bf1 Ned3+ 17. Kc2 Bxd4 18. Qxd4 Rfd8 19. Qe3 Nxc5 20. h5
Nce6 21. hxg6 hxg6 22. Ne4 Rxd1 23. Kxd1 Rd8+ 24. Kc2 Qd7 25. Nd2 Qc7 26. Nc4
Kg7 27. Qe5+ Qxe5 28. Nxe5 Rd5 29. Nc4 f5 30. b4 Rd8 31. Na5 b6 32. Nc6 Rc8 33.
Nxe7 Rc7 34. Nxf5+ gxf5 0-1

[Event "32. Torneo Internacional La Roda "]
[Site "La Roda ESP"]
[Date "2005.03.24"]
[Round "2"]
[White "Mirzoev, Azer"]
[Black "Garcia Saez, Juan Carlos"]
[Result "1-0"]
[WhiteElo "2529"]
[BlackElo "2156"]
[PlyCount "123"]
[EventDate "2005.03.23"]
[EventType "swiss"]
[EventRounds "9"]
[EventCountry "ESP"]
[Source "lmi"]
[SourceDate "2005.03.27"]

1. d4 g6 2. c4 Bg7 3. Nc3 e6 4. e4 Ne7 5. Nf3 b6 6. h4 h6 7. Bd3 Bb7 8. Be3 d6
9. Qd2 Nd7 10. O-O-O Nf6 11. Nh2 Qd7 12. f3 O-O-O 13. Nf1 Nc6 14. Kb1 Nb4 15.
Be2 Kb8 16. a3 Nc6 17. g4 Na5 18. Qc2 d5 19. cxd5 exd5 20. e5 Ng8 21. Nd2 Ne7
22. f4 Qc8 23. h5 c5 24. Nb5 c4 25. hxg6 fxg6 26. Nd6 Rxd6 27. exd6 Qe6 28.
dxe7 Qxe3 29. Qxg6 Qxe7 30. Bf3 Bxd4 31. Rhe1 Qc5 32. Re8+ Rxe8 33. Qxe8+ Bc8
34. Rc1 Bf6 35. g5 hxg5 36. fxg5 Bg7 37. Bg4 Nb7 38. Qxc8+ Qxc8 39. Bxc8 Kxc8
40. Rh1 Nd6 41. Nf3 Kd7 42. Rh7 Ne8 43. Nd4 Ke7 44. Nf5+ Kf7 45. Nxg7 Nxg7 46.
Rh6 Ne6 47. Rf6+ Ke7 48. Rf5 d4 49. Kc2 a6 50. g6 b5 51. Rf7+ Ke8 52. Ra7 Kf8
53. Rxa6 Nc5 54. Rb6 d3+ 55. Kd1 c3 56. bxc3 Ne4 57. Rc6 Kg7 58. c4 Nc3+ 59.
Kd2 Nb1+ 60. Kxd3 Nxa3 61. c5 Nc4 62. Kd4 1-0

[Event "32. Torneo Internacional La Roda "]
[Site "La Roda ESP"]
[Date "2005.03.24"]
[Round "2"]
[White "Moran Rodriguez, Luciano Rafael"]
[Black "Del Rio Angelis, Salvador Gabriel"]
[Result "0-1"]
[WhiteElo "2159"]
[BlackElo "2502"]
[PlyCount "124"]
[EventDate "2005.03.23"]
[EventType "swiss"]
[EventRounds "9"]
[EventCountry "ESP"]
[Source "lmi"]
[SourceDate "2005.03.27"]

1. d4 Nf6 2. c4 e6 3. Nf3 c5 4. d5 exd5 5. cxd5 g6 6. Nc3 Bg7 7. g3 d6 8. Bg2
O-O 9. O-O a6 10. a4 Re8 11. Nd2 Nbd7 12. h3 Rb8 13. Nc4 Ne5 14. Na3 Nh5 15.
Kh2 Bd7 16. f4 b5 17. axb5 axb5 18. Nc2 Nc4 19. Qd3 b4 20. Nd1 Bb5 21. Qf3 f5
22. Re1 Nf6 23. Nf2 Rb7 24. b3 Nb6 25. Bb2 Rbe7 26. e3 Nbxd5 27. g4 Ne4 28.
Bxg7 Rxg7 29. Bf1 Bxf1 30. Nxe4 Rxe4 31. Rxf1 Nf6 32. gxf5 gxf5 33. Rg1 Rg6 34.
Rg5 Rxg5 35. fxg5 Ne8 36. Qxf5 Re5 37. Qf3 Rxg5 38. e4 Qf6 39. Rf1 Qxf3 40.
Rxf3 Re5 41. Rf4 d5 42. Rg4+ Kf7 43. exd5 Nf6 44. Rg2 Nxd5 45. Rf2+ Ke6 46. Kg2
Re4 47. Rd2 Ke5 48. Kf2 Nf4 49. h4 Ne6 50. Kg3 h5 51. Rd7 Re2 52. Na1 Ra2 53.
Rd1 Nd4 54. Kh3 Ke4 55. Rc1 Ne2 56. Rc4+ Kd3 57. Rxc5 Rxa1 58. Rc4 Ke3 59. Rc5
Kf3 60. Rf5+ Nf4+ 61. Kh2 Ra2+ 62. Kg1 Kg3 0-1

[Event "32. Torneo Internacional La Roda "]
[Site "La Roda ESP"]
[Date "2005.03.24"]
[Round "2"]
[White "Munoz Navarro, Alberto"]
[Black "San Emeterio Cabanes, Jose Luis"]
[Result "1/2-1/2"]
[WhiteElo "2119"]
[BlackElo "2401"]
[PlyCount "54"]
[EventDate "2005.03.23"]
[EventType "swiss"]
[EventRounds "9"]
[EventCountry "ESP"]
[Source "lmi"]
[SourceDate "2005.03.27"]

1. e4 c5 2. Nf3 Nc6 3. d4 cxd4 4. Nxd4 Nf6 5. Nc3 e5 6. Ndb5 d6 7. Bg5 a6 8.
Na3 b5 9. Nd5 Be7 10. Bxf6 Bxf6 11. c3 Rb8 12. Nc2 Bg5 13. a4 bxa4 14. Ncb4 Bd7
15. Bxa6 Nxb4 16. cxb4 O-O 17. O-O Bc6 18. Bc4 Kh8 19. b3 axb3 20. Qxb3 f5 21.
exf5 Rxf5 22. b5 Bxd5 23. Bxd5 Qb6 24. Ra6 Qd4 25. Ra4 Qb6 26. Ra6 Qd4 27. Ra4
Qb6 1/2-1/2